00214nam a2200085Ia 4500008004100000100001800041245002300059260002600082650002000108190216s9999||||xx |||||||||||||| ||und|| aSukumaran T P 0aNallavnaya Katalan bPoorna Pubs Kozhikode aEssay Malayalam